00146 a2200073 4500020001500000041000800015100001900023245003000042 a1562703072 aspa aPatricia Kelly aBusca en la bolsa de Mama